| 000 | 003360000a22001090004500 | ||
|---|---|---|---|
| 100 | 1 | _aMcQuilkin, Robertson | |
| 245 | 1 | 0 | _aThe impact of postmoderm thinking on evangelical hermeneutics |
| 300 | _aVol. 40, Num. 1 (Marzo, 1997), Páginas 69-82 | ||
| 700 | 1 | _aMullen, Bradford | |
| 773 | 0 | _tJournal of the Theological Society | |
| 942 | _cANA | ||
| 999 |
_c54537 _d54537 |
||